Ballon d'Or - classement 2002 - Statistiques

Statistiques générales
  • Ce quiz a été pris 52 fois
  • Le résultat moyen est 15 sur 26
Statistiques - réponses
Poste Club Nationalité Rang Réponse % Correct
Attaquant Real Madrid Brésil 1 Ronaldo
98%
Attaquant Arsenal France 6 Thierry Henry
98%
Milieu Real Madrid France 4 Zinédine Zidane
98%
Gardien Bayern Munich Allemagne 3 Oliver Kahn
91%
Attaquant Real Madrid Espagne 7 Raúl
91%
Défenseur Real Madrid Brésil 2 Roberto Carlos
89%
Milieu Paris Saint-Germain Brésil 12 Ronaldinho
89%
Attaquant Juventus Italie 10 Alessandro Del Piero
81%
Attaquant Manchester United Pays-Bas 14 Ruud van Nistelrooy
74%
Attaquant Liverpool Angleterre 13 Michael Owen
72%
Milieu Arsenal France 18 Patrick Vieira
72%
Milieu Real Madrid Portugal 19 Luís Figo
70%
Milieu Bayern Munich Allemagne 5 Michael Ballack
70%
Attaquant Milan AC Italie 25 Filippo Inzaghi
68%
Défenseur AS Rome Brésil 15 Cafu
66%
Défenseur Manchester United Angleterre 23 Rio Ferdinand
64%
Attaquant Milan AC Brésil 8 Rivaldo
60%
Attaquant Liverpool Sénégal 22 El-Hadji Diouf
53%
Défenseur Bayer Leverkusen Brésil 20 Lúcio
45%
Attaquant Deportivo La Corogne Pays-Bas 26 Roy Makaay
36%
Milieu RC Lens Sénégal 21 Papa Bouba Diop
32%
Milieu Bayer Leverkusen Allemagne 16 Bernd Schneider
6%
Milieu Galatasaray Turquie 11 Hasan Şaş
6%
Milieu Valence CF Espagne 24 Rubén Baraja
6%
Milieu Bayer Leverkusen Turquie 9 Yıldıray Baştürk
6%
Milieu Deportivo La Corogne Espagne 17 Juan Carlos Valerón
4%
Aucun quiz correspondant
Distribution des résultats
% des personnes avec chaque résultat
Percentile par nombre de réponses
Votre historique - résultats
Vous n’avez pas pris ce quiz